000 00831nam a22002897a 4500
001 6225
003 FISKH
005 20250401103258.0
008 250401b cb ||||| |||| 00| 0 eng d
020 _a0590453432
040 _aFISKH
_beng
_cFISKH
_dFISKH
050 _aPS3569.T3315 T34
082 _a813.54
100 _aStamper, J.B
_d(1947-)
245 _aTales for the midnight hour /
_cStories of Horror J.B. Stamper
250 _aThis edition first published in 1977
260 _aNew York :
_bScholastic,
_c1977
300 _a124 pages :
_c18 cm
505 _aP
520 _aA collection of horror stories for children.
521 8 _a650
_bLexile
521 8 _aP
_bRaz-Plus
650 _2Horror fiction
_aScary
650 _2Teen-pulp-fiction
_aHorror & Suspense
942 _2ddc
_cBK
_n0
999 _c6225
_d6225